000 00281nam a2200109Ia 4500
008 230320s9999||||xx |||||||||||||| ||spa||
082 _aR/985.21/L59
100 _a[*Sin Autor*]
245 0 _aLibros De Cabildos De Lima (AƱos 1534 - 1539)
260 _bSan Martin
942 _813
_cLIB
999 _c42434
_d42434